| 000 | 00718nam a2200217Ii 4500 | ||
|---|---|---|---|
| 001 | 16243 | ||
| 003 | CO-ViMGA | ||
| 008 | 241108s9999||||xx |||||||||||||| ||und|| | ||
| 020 | _a9789588323343 | ||
| 040 |
_aCO-ViMGA _bspa _erda _cCO-ViMGA |
||
| 041 | 0 | _aunk | |
| 082 | 0 | 4 | _a526.20 D31i |
| 100 | 1 |
_aGiovanni Battista Agostino Codazzi _954788 |
|
| 245 | 1 | 0 | _aLos ingenieros y la geografía |
| 264 | 1 | _a[Lugar de publicación no identificado] : Instituto Geografíco Agustín Codazzi, [Fecha de publicación no identificada] | |
| 300 | _avolumen | ||
| 336 |
_atext _btxt _2rdacontent |
||
| 337 |
_aunmediated _bn _2rdamedia |
||
| 338 |
_avolume _bnc _2rdacarrier |
||
| 940 | _aidficha_siabuc: 15913. -- ficha_no_siabuc:16243 | ||
| 999 |
_c52017 _d52017 |
||